Anne of green gables. (Record no. 16367)
[ view plain ]
| 000 -LEADER | |
|---|---|
| fixed length control field | 00745nam a2200277Ia 4500 |
| 001 - CONTROL NUMBER | |
| control field | AUWbook000026 |
| 003 - CONTROL NUMBER IDENTIFIER | |
| control field | BDCtgAUW |
| 005 - DATE AND TIME OF LATEST TRANSACTION | |
| control field | 20260406154800.0 |
| 008 - FIXED-LENGTH DATA ELEMENTS--GENERAL INFORMATION | |
| fixed length control field | 220908s9999 xx 000 0 eng d |
| 020 ## - INTERNATIONAL STANDARD BOOK NUMBER | |
| International Standard Book Number | 0448424592 |
| 040 ## - CATALOGING SOURCE | |
| Original cataloging agency | BDCtgAUW |
| Transcribing agency | BDCtgAUW |
| 050 ## - LIBRARY OF CONGRESS CALL NUMBER | |
| Classification number | PR9199.3.M6 |
| 100 1# - MAIN ENTRY--PERSONAL NAME | |
| Personal name | Halverson, Lydia (Illust.). |
| 9 (RLIN) | 2083 |
| 245 #0 - TITLE STATEMENT | |
| Title | Anne of green gables. |
| 260 ## - PUBLICATION, DISTRIBUTION, ETC. | |
| Place of publication, distribution, etc. | New York : |
| Name of publisher, distributor, etc. | Grosset and Dunlap, |
| Date of publication, distribution, etc. | 2001. |
| 650 #0 - SUBJECT ADDED ENTRY--TOPICAL TERM | |
| Topical term or geographic name entry element | Canada |
| General subdivision | History |
| Chronological subdivision | 1867 |
| -- | 1914. |
| 9 (RLIN) | 91112 |
| 650 #0 - SUBJECT ADDED ENTRY--TOPICAL TERM | |
| Topical term or geographic name entry element | Country life. |
| 650 #0 - SUBJECT ADDED ENTRY--TOPICAL TERM | |
| Topical term or geographic name entry element | English literature. |
| 650 #0 - SUBJECT ADDED ENTRY--TOPICAL TERM | |
| Topical term or geographic name entry element | Friendship. |
| 650 #0 - SUBJECT ADDED ENTRY--TOPICAL TERM | |
| Topical term or geographic name entry element | Orphans. |
| 650 #0 - SUBJECT ADDED ENTRY--TOPICAL TERM | |
| Topical term or geographic name entry element | Prince Edward Islands. |
| 9 (RLIN) | 2088 |
| 655 #7 - INDEX TERM--GENRE/FORM | |
| Genre/form data or focus term | Fiction. |
| Source of term | lcgft |
| 9 (RLIN) | 73569 |
| 887 ## - NON-MARC INFORMATION FIELD | |
| Content of non-MARC field | BRAC |
| Source of data | 2982 |
| 888 ## - | |
| -- | 2982 |
| 942 ## - ADDED ENTRY ELEMENTS (KOHA) | |
| Koha item type | Books |
| Koha issues (borrowed), all copies | 7 |
| Source of classification or shelving scheme | Library of Congress Classification |
| 945 ## - LOCAL PROCESSING INFORMATION (OCLC) | |
| c | BK |
No items available.